Apuntes para la historia del movimiento obrero y sindical /
Se hace una recopilación de los resultados de las últimas investigaciones acerca del movimiento obrero y sindical en Centroamérica. Se presentan aspectos referidos al surgimiento de la clase obrera y del movimiento sindical en Nicaragua, Honduras, Guatemala, Panamá y Costa Rica en todos estos casos...
Na minha lista:
| Autor principal: | |
|---|---|
| Formato: | Texto |
| Assuntos: | |
| Tags: |
Adicionar Tag
Sem tags, seja o primeiro a adicionar uma tag!
|
MARC
| LEADER | 00000 a a2200000 04500 | ||
|---|---|---|---|
| 001 | 7710 | ||
| 003 | |||
| 040 | |||
| 100 | |a De la Cruz de Lemos, Vladimir | ||
| 245 | |a Apuntes para la historia del movimiento obrero y sindical / |c Vladimir De la Cruz de Lemos | ||
| 520 | |a Se hace una recopilación de los resultados de las últimas investigaciones acerca del movimiento obrero y sindical en Centroamérica. Se presentan aspectos referidos al surgimiento de la clase obrera y del movimiento sindical en Nicaragua, Honduras, Guatemala, Panamá y Costa Rica |a en todos estos casos se realiza un esbozo histórico del desarrollo de las actividades productivas, políticas y sociales que influyeron en la configuración del movimiento obrero y sindical de cada país de la región. AR/MR | ||
| 650 | |a HISTORIA SOCIAL | ||
| 650 | |a MOVIMIENTOS OBREROS | ||
| 650 | |a SINDICATOS | ||
| 650 | |a MOVIMIENTOS CAMPESINOS | ||
| 773 | |g número 2 -3; páginas 5-30 | ||
| 999 | |c 29891 |d 29891 | ||
| 773 | 0 | |0 43284 |9 4758 |a Universidad Nacional de Costa Rica. |o MFN: 1012 |t Estudios Laborales/ | |
